| 000 | 00960nam a22003017a 4500 | ||
|---|---|---|---|
| 001 | 9818 | ||
| 003 | FISKH | ||
| 005 | 20260227082657.0 | ||
| 008 | 260227b cb ||||| |||| 00| 0 eng d | ||
| 020 | _a9780516246673 | ||
| 040 |
_aFISKH _beng _cFISKH _dFISKH |
||
| 050 | _a QC173.36 .C87 | ||
| 082 | _a530 | ||
| 100 | _aCurry , Don L. | ||
| 245 |
_aWhat is matter? / _cBy Don L. Curry |
||
| 260 |
_aNew York : _bChildren's Press , _c2004 . |
||
| 300 |
_a31 pages : _bcolor illustrations ; _c18 cm . |
||
| 490 | _aRookie Read-About Science: Physical Science | ||
| 505 | _aG | ||
| 520 | _aA simple introduction to matter, describing what it is and giving some examples of the forms it can take. | ||
| 521 | 8 |
_a400
_bLexile |
|
| 521 | 8 |
_aG
_bRaz-Plus |
|
| 650 |
_aMatter _vJuvenile Literature |
||
| 700 |
_aAnderson , Caroline _ePhoto Researcher |
||
| 700 |
_aBullock , Linda _eConsultant |
||
| 942 |
_2ddc _cBK _n0 |
||
| 999 |
_c9818 _d9818 |
||